| 000 | 00496nam a2200181Ia 4500 | ||
|---|---|---|---|
| 003 | IN-BaIIA | ||
| 008 | 211028s9999 xx 000 0 eng d | ||
| 040 | _cIIA Library | ||
| 080 |
_a535.37 _bCUR |
||
| 100 |
_aCurie, Daniel _96447 |
||
| 245 | 0 |
_aLuminescence in crystals _cD. Curie; translated by G. F. J. Garlick |
|
| 260 |
_aLondon _bMethuen _c1960 |
||
| 300 | _axi, 332p. | ||
| 650 |
_aCrystals _91575 |
||
| 650 |
_aLuminescence _95859 |
||
| 700 |
_aG. F. J. Garlick., tr. _96448 |
||
| 942 | _cBK | ||
| 999 |
_c3636 _d3636 |
||